00934 a2200181 4500003000500000005001700005010001600022020001500038040000900053082001600062100003100078245010600109260006200215300003300277505039600310650001900706700002700725Nust20221024140414.0 a 81065711 a0250404079 cNust00a621.197,CHE1 aCheremisinoff, Nicholas P.10aCooling towers :bselection, Design and practicec/ Nicholas P. Cheremisinoff, Paul N. Cheremisinoff. aAnn Arbor, Mich. :bAnn Arbor Science Publishers,cc1981. axi, 347 p. :bill. ;c24 cm. aOverview (Page-1), Properties and Definitions for the Air Water Systems (Page-13), Heat and Mass Transfer Principle (Page-35), Cooling Towers Classifications (Page-59), Theory and Design Principle (Page-87), Operation and Design Practices (Page-125), Mechanical Components of Cooling Towers (Page-163), Cooling Tower water Treatment (Page-185), Guidelines for winter Operation (Page-207).  0aCooling towers1 aCheremisinoff, Paul N.